Principles and practice of surgery / (Record no. 1492)

MARC details
000 -LEADER
fixed length control field 01317cam a2200421 a 4500
001 - CONTROL NUMBER
control field data
005 - DATE AND TIME OF LATEST TRANSACTION
control field 20260322212103.0
008 - FIXED-LENGTH DATA ELEMENTS--GENERAL INFORMATION
fixed length control field data
035 ## - SYSTEM CONTROL NUMBER
System control number 2926229
010 ## - LIBRARY OF CONGRESS CONTROL NUMBER
LC control number 89020967
020 ## - INTERNATIONAL STANDARD BOOK NUMBER
International Standard Book Number 0443039097
020 ## - INTERNATIONAL STANDARD BOOK NUMBER
International Standard Book Number 9780443039096
035 ## - SYSTEM CONTROL NUMBER
-- (DLC) 89020967
040 ## - CATALOGING SOURCE
Original cataloging agency DNLM/DLC
Transcribing agency DLC
Modifying agency DLC
050 10 - LIBRARY OF CONGRESS CALL NUMBER
Classification number RD31
Item number .P85 1991
060 ## - NATIONAL LIBRARY OF MEDICINE CALL NUMBER
Classification number WO 100 P9565
082 00 - DEWEY DECIMAL CLASSIFICATION NUMBER
Classification number 617
Edition information 20
245 00 - TITLE STATEMENT
Title Principles and practice of surgery /
Statement of responsibility, etc. [edited by] A.P.M. Forrest, D.C. Carter, I.B. Macleod.
250 ## - EDITION STATEMENT
Edition statement 2nd ed.
260 ## - PUBLICATION, DISTRIBUTION, ETC.
Place of publication, distribution, etc. New York :
-- New York :
Name of publisher, distributor, etc. Churchill Livingstone,
Date of publication, distribution, etc. 1991.
300 ## - PHYSICAL DESCRIPTION
Extent viii, 729 p. :
Other physical details ill. ;
Dimensions 25 cm.
336 ## - CONTENT TYPE
Content type term text
Content type code txt
Source rdacontent
337 ## - MEDIA TYPE
Media type term unmediated
Media type code n
Source rdamedia
338 ## - CARRIER TYPE
Carrier type term volume
Carrier type code nc
Source rdacarrier
500 ## - GENERAL NOTE
General note Cover title: Principles & practice of surgery.
500 ## - GENERAL NOTE
General note Includes index.
650 #0 - SUBJECT ADDED ENTRY--TOPICAL TERM
Topical term or geographic name entry element Surgery.
650 #0 - SUBJECT ADDED ENTRY--TOPICAL TERM
Topical term or geographic name entry element Surgery, Operative.
650 #2 - SUBJECT ADDED ENTRY--TOPICAL TERM
Topical term or geographic name entry element Surgery.
650 #2 - SUBJECT ADDED ENTRY--TOPICAL TERM
Topical term or geographic name entry element Surgery, Operative.
700 1# - ADDED ENTRY--PERSONAL NAME
Personal name Forrest, A. P. M.
700 1# - ADDED ENTRY--PERSONAL NAME
Personal name Carter, David C.
Fuller form of name (David Craig)
700 1# - ADDED ENTRY--PERSONAL NAME
Personal name Macleod, I. B.
Fuller form of name (Ian Buchanan)
740 0# - ADDED ENTRY--UNCONTROLLED RELATED/ANALYTICAL TITLE
Uncontrolled related/analytical title Principles & practice of surgery.
906 ## - LOCAL DATA ELEMENT F, LDF (RLIN)
a 7
b cbc
c orignew
d 1
e ocip
f 19
g y-gencatlg
Holdings
Withdrawn status Lost status Damaged status Not for loan Home library Current library Shelving location Date acquired Total checkouts Full call number Barcode Date last seen Price effective from Koha item type
        Riverside Riverside General stacks 22/03/2026   617 LOC-RPL-00039 22/03/2026 22/03/2026 Books